[Event "Invitation"]
[Site "http://www.queenalice.com/game.php?id=1093149"]
[Date "2012.8.14"]
[Round "-"]
[White "Emmanuel_BR"]
[Black "gladstone"]
[Result "1/2-1/2"]
[WhiteElo "1968"]
[BlackElo "1263"]

1. d4 d5 2. c4 e5 3. dxe5 d4 4. Nf3 Nc6 5. Nbd2 Bg4 6. g3 Bxf3 7. Nxf3 Bb4+ 8.
Bd2 Qe7 9. Bh3 Bxd2+ 10. Qxd2 Nxe5 11. O-O c5 12. Nxe5 Qxe5 13. e3 dxe3 14. Qd7+
Kf8 15. fxe3 Qxe3+ 16. Rf2 Qe7 17. Rd1 Nf6 18. Qxe7+ Kxe7 19. Re2+ Kf8 20. Bg2
Re8 21. Rxe8+ Kxe8 22. Bxb7 Ke7 23. Bf3 Rd8 24. Re1+ Kd6 25. Kf2 Re8 26. Rxe8
Nxe8 27. Ke3 Nc7 28. h4 Ke5 29. g4 f6 30. h5 g6 31. hxg6 hxg6 32. Bb7 Ne6 33. a3
a5 34. Be4 f5 35. gxf5 1/2-1/2

[Event "Challenge"]
[Site "http://www.queenalice.com/game.php?id=1093719"]
[Date "2012.8.16"]
[Round "-"]
[White "gladstone"]
[Black "soonersam"]
[Result "1-0"]
[WhiteElo "1100"]
[BlackElo "1190"]

1. d4 Nc6 2. e4 Nf6 3. e5 Ne4 4. Qf3 Nxf2 5. Qxf2 f6 6. Bd3 fxe5 7. Nf3 d6 8.
Ng5 Nxd4 9. Nf7 Qd7 10. Nxh8 Qc6 11. O-O a6 12. Qxf8+ Kd7 13. Rf7 Nxc2 14. Qxe7#
1-0

[Event "AUTO-OPEN-2768"]
[Site "http://www.queenalice.com/game.php?id=1094494"]
[Date "2012.8.19"]
[Round "1"]
[White "gladstone"]
[Black "EduardoObjetivo"]
[Result "1-0"]
[WhiteElo "1439"]
[BlackElo "1509"]

1. d4 Nf6 2. c4 e6 3. Nf3 d5 4. Bg5 Be7 5. Nc3 c6 6. e3 Bb4 7. Bd3 O-O 8. O-O
Nbd7 9. Rc1 Re8 10. Ne2 h6 11. Bh4 Nf8 12. Qc2 dxc4 13. Qxc4 Bd6 14. Bg3 Ng6 15.
Bxg6 1-0

[Event "AUTO-OPEN-2768"]
[Site "http://www.queenalice.com/game.php?id=1094495"]
[Date "2012.8.19"]
[Round "1"]
[White "EduardoObjetivo"]
[Black "gladstone"]
[Result "0-1"]
[WhiteElo "1509"]
[BlackElo "1372"]

1. d4 d5 2. c4 e5 3. e3 dxc4 4. Bxc4 Be7 5. Bd2 exd4 6. Qa4+ Nc6 7. Bb5 Bd7 8.
exd4 Nxd4 9. Bxd7+ Qxd7 10. Qxd7+ Kxd7 11. Bc3 Nc2+ 12. Ke2 Bf6 13. Nf3 Re8+ 14.
Kd2 Nxa1 0-1

[Event "AUTO-OPEN-2768"]
[Site "http://www.queenalice.com/game.php?id=1094497"]
[Date "2012.8.19"]
[Round "1"]
[White "Neele"]
[Black "gladstone"]
[Result "0-1"]
[WhiteElo "1087"]
[BlackElo "1263"]

1. d4 d5 2. Nf3 Nf6 3. g3 c5 4. dxc5 e6 5. e3 Bxc5 6. Nd4 O-O 7. Nb5 e5 8. Nd2
Nc6 9. Nf3 Bf5 10. Ng5 Nb4 11. c3 Nc2+ 12. Ke2 Nxa1 13. Ke1 Nc2+ 14. Ke2 Qa5 15.
Na3 Nxa3 16. bxa3 Qxc3 17. Kf3 Bg4+ 18. Kg2 Bxd1 19. Bb5 Qxc1 20. Nf3 Bxf3+ 21.
Kxf3 Qxh1+ 22. Ke2 Qxh2 23. a4 Ne4 24. Bd7 Qxf2+ 25. Kd3 Qd2# 0-1

[Event "AUTO-OPEN-2768"]
[Site "http://www.queenalice.com/game.php?id=1094499"]
[Date "2012.8.19"]
[Round "1"]
[White "kilmison"]
[Black "gladstone"]
[Result "0-1"]
[WhiteElo "2176"]
[BlackElo "1308"]

1. e4 c5 2. Nf3 d6 3. Bc4 Nf6 4. Nc3 e6 5. d4 cxd4 6. Nxd4 a6 7. a4 Be7 8. O-O
O-O 9. Nf3 Nc6 10. Bd2 Nxe4 11. Nxe4 d5 12. Bxd5 exd5 13. Nc3 Bg4 14. Qe2 Bf6
15. Qd3 Nb4 16. Qe2 Nxc2 17. Rac1 Re8 18. Qd3 Nb4 19. Qb1 Bxf3 20. gxf3 Bd4 21.
Nd1 Nc6 22. Qf5 Qf6 23. Qxd5 Rad8 24. Qh5 g6 25. Qg5 Qxf3 26. Qf4 Ne5 27. Re1
Qxf4 28. Bxf4 Nf3+ 0-1

[Event "Challenge"]
[Site "http://www.queenalice.com/game.php?id=1101124"]
[Date "2012.9.8"]
[Round "-"]
[White "Rogerio11"]
[Black "gladstone"]
[Result "0-1"]
[WhiteElo "1354"]
[BlackElo "1308"]

1. e4 c5 2. Bc4 e6 3. d3 d5 4. exd5 exd5 5. Bb3 Nf6 6. Nf3 Be7 7. Ne5 O-O 8. c4
dxc4 9. Bxc4 Bd6 10. f4 Bxe5 11. fxe5 Re8 12. Bg5 Rxe5+ 13. Kf1 Rxg5 14. Nc3 Bg4
15. Qd2 Rf5+ 16. Ke1 Qe8+ 17. Ne4 Nxe4 18. dxe4 Qxe4+ 19. Be2 Rd5 20. Qa5 Qxe2#
0-1

[Event "PP"]
[Site "http://www.queenalice.com/game.php?id=1135484"]
[Date "2012.12.29"]
[Round "-"]
[White "rogeriooliveira"]
[Black "gladstone"]
[Result "0-1"]
[WhiteElo "1373"]
[BlackElo "1628"]

1. e4 c5 2. d4 cxd4 3. Qxd4 Nc6 4. Qd5 Nf6 5. Qd3 e5 6. Nc3 Bb4 7. Bg5 Bxc3+ 8.
bxc3 h6 9. Bxf6 Qxf6 10. f3 Qe6 11. O-O-O Qxa2 12. Kd2 O-O 13. Re1 d6 14. Ke3
Be6 15. Nh3 Rfd8 16. Re2 Bc4 17. Qd2 Bxe2 18. Bxe2 d5 19. exd5 Rxd5 20. Qc1 Qa5
21. c4 Qc5+ 22. Ke4 Qd4+ 23. Kf5 Ne7# 0-1

[Event "ESSE CARA SOU EU VIII"]
[Site "http://www.queenalice.com/game.php?id=1136299"]
[Date "2013.1.2"]
[Round "-"]
[White "perucona"]
[Black "gladstone"]
[Result "0-1"]
[WhiteElo "1332"]
[BlackElo "1652"]

1. e4 c5 2. d4 cxd4 3. Qxd4 Nc6 4. Qd5 Nf6 5. Qd3 e5 6. Nc3 Bb4 7. Qe2 d5 8.
exd5 Nxd5 9. Bd2 Nxc3 10. bxc3 Bc5 11. Rd1 O-O 12. Be3 Qa5 13. Bd2 Qxa2 14. Be3
Bxe3 15. fxe3 Qa5 16. Qd2 Rd8 17. Qe2 Qxc3+ 18. Kf2 Bf5 19. Nf3 Rxd1 20. Qxd1
Rd8 21. Qc1 e4 22. Ne1 Rd2+ 23. Kg1 Qxe3# 0-1

[Event "AUTO-INT-2537"]
[Site "http://www.queenalice.com/game.php?id=1143413"]
[Date "2013.1.21"]
[Round "1"]
[White "GiulioTorino"]
[Black "gladstone"]
[Result "1-0"]
[WhiteElo "1737"]
[BlackElo "1602"]

1. e4 c5 2. Nf3 g6 3. c3 Nc6 4. Bb5 Bg7 5. Bxc6 bxc6 6. d3 Nf6 7. Bg5 Rb8 8. b3
O-O 9. h4 d6 10. Qd2 Bg4 11. Qe3 Rb7 12. e5 Nd5 13. Qe4 Bxf3 14. Qxf3 Bxe5 15.
h5 Nxc3 16. Qxc6 Rc7 17. Qf3 Nb5 18. Na3 Nxa3 19. Rd1 Nc2+ 20. Kd2 1-0

[Event "AUTO-INT-2537"]
[Site "http://www.queenalice.com/game.php?id=1143414"]
[Date "2013.1.21"]
[Round "1"]
[White "gladstone"]
[Black "GiulioTorino"]
[Result "1-0"]
[WhiteElo "1491"]
[BlackElo "1827"]

1. d4 c5 2. dxc5 e6 3. Nc3 Bxc5 4. Ne4 Bb6 5. Nd6+ Kf8 6. Nf3 Qc7 7. Bf4 Qc5 8.
e3 Ne7 9. c3 Nf5 10. Nxf5 exf5 11. Bd6+ Kg8 12. Bxc5 Bxc5 13. Qd5 d6 14. Bc4 h6
15. Qxf7+ 1-0

[Event "AUTO-INT-2537"]
[Site "http://www.queenalice.com/game.php?id=1143423"]
[Date "2013.1.21"]
[Round "1"]
[White "gladstone"]
[Black "oratio"]
[Result "1-0"]
[WhiteElo "1638"]
[BlackElo "1462"]

1. e4 e6 2. d4 d5 3. Nc3 c5 4. exd5 exd5 5. dxc5 Bxc5 6. Bb5+ Bd7 7. Bxd7+ Nxd7
8. Nxd5 Qa5+ 9. c3 O-O-O 10. Qg4 Re8+ 11. Be3 Nf6 12. Nxf6 gxf6 13. O-O-O Rd8
14. Qc4 Nb6 15. Qxc5+ Qxc5 16. Rxd8+ Rxd8 17. Bxc5 Nd5 18. Bxa7 Nf4 19. g3 Nd3+
20. Kc2 Ne1+ 21. Kb3 Nd3 22. Be3 f5 23. Nf3 Rd5 24. Rd1 Rb5+ 25. Kc2 Nc5 26. Rd5
b6 27. Nd4 Ra5 28. b4 Rxa2+ 29. Kb1 Ra3 30. bxc5 Rxc3 31. Nxf5 Rb3+ 32. Ka2 1-0

[Event "AUTO-INT-2537"]
[Site "http://www.queenalice.com/game.php?id=1143424"]
[Date "2013.1.21"]
[Round "1"]
[White "oratio"]
[Black "gladstone"]
[Result "0-1"]
[WhiteElo "1461"]
[BlackElo "1610"]

1. e4 c5 2. Bc4 e6 3. Nf3 Nc6 4. O-O Be7 5. c3 d5 6. exd5 exd5 7. Bb5 Nf6 8. d4
O-O 9. Bg5 Ne4 10. Bxe7 Qxe7 11. Re1 Bg4 12. dxc5 Qxc5 13. Rf1 Qxb5 14. Na3 Qxb2
15. Nc2 Nxc3 16. Qd3 Bxf3 17. gxf3 Rfe8 18. Rae1 Ne5 19. Qd2 Nxf3+ 0-1

[Event "AUTO-INT-2537"]
[Site "http://www.queenalice.com/game.php?id=1188059"]
[Date "2013.6.5"]
[Round "2"]
[White "vinoseco"]
[Black "gladstone"]
[Result "0-1"]
[WhiteElo "1634"]
[BlackElo "1699"]

1. e4 c5 2. Nf3 d6 3. Bc4 Nf6 4. Ng5 e6 5. Nc3 Nc6 6. d3 Be7 7. Bf4 e5 8. Nxf7
Qb6 9. Nxh8 exf4 10. b3 Qa5 11. Qd2 f3 12. g3 Bh3 13. Qf4 Qxc3+ 14. Qd2 Qxa1+
15. Qd1 Qxa2 16. b4 Qb2 17. b5 Bd8 18. bxc6 Ba5+ 19. c3 Bxc3+ 0-1

[Event "AUTO-INT-2537"]
[Site "http://www.queenalice.com/game.php?id=1188060"]
[Date "2013.6.5"]
[Round "2"]
[White "gladstone"]
[Black "vinoseco"]
[Result "1-0"]
[WhiteElo "1680"]
[BlackElo "1655"]

1. d4 d5 2. c4 dxc4 3. Nf3 Nf6 4. e3 b5 5. a4 c6 6. axb5 cxb5 7. b3 Ba6 8. bxc4
bxc4 9. Rxa6 Nxa6 10. Qa4+ Nd7 11. Qxa6 c3 12. Nxc3 Qc7 13. Bb5 Qxc3+ 14. Bd2
Qc2 15. Bxd7+ Kxd7 16. Ne5+ Kc7 17. Ba5+ Kb8 18. Nd7# 1-0

[Event "AUTO-INT-2537"]
[Site "http://www.queenalice.com/game.php?id=1201506"]
[Date "2013.7.21"]
[Round "3"]
[White "nuage"]
[Black "gladstone"]
[Result "0-1"]
[WhiteElo "1656"]
[BlackElo "1715"]

1. Nf3 c5 2. d3 Nc6 3. g3 Nf6 4. Bg2 e5 5. Bg5 Be7 6. O-O O-O 7. Nbd2 d6 8. c4
Ne8 9. Bxe7 Qxe7 10. Ne4 f5 11. Neg5 h6 12. Nh3 g5 13. Nd2 g4 14. Bxc6 bxc6 15.
e4 gxh3 16. exf5 Rxf5 17. Ne4 Qg7 18. Qa4 Rf3 19. Qxc6 Bb7 20. Qb5 Rxd3 21. Nc3
Qf7 22. Rae1 Qf3 0-1

[Event "AUTO-INT-2537"]
[Site "http://www.queenalice.com/game.php?id=1201507"]
[Date "2013.7.21"]
[Round "3"]
[White "gladstone"]
[Black "nuage"]
[Result "1-0"]
[WhiteElo "1731"]
[BlackElo "1654"]

1. d4 e6 2. e4 Nc6 3. Nf3 b6 4. Bd3 Bb7 5. c3 Qf6 6. Bg5 Qg6 7. O-O f6 8. Bf4
O-O-O 9. b4 Nge7 10. a4 Qg4 11. Bg3 f5 12. h3 Qh5 13. Re1 d5 14. exd5 Nxd5 15.
b5 Na5 16. Rxe6 f4 17. Bh4 g5 18. Bxg5 Rd6 19. Qe2 Ne7 20. Rxd6 cxd6 21. Qe6+
Kb8 22. Qxd6+ Kc8 23. Bxe7 Bxe7 24. Qxe7 Bxf3 25. gxf3 Qxf3 26. Bf5+ Kb8 27.
Qe5+ Ka8 28. Qxh8+ 1-0

[Event "Challenge"]
[Site "http://www.queenalice.com/game.php?id=1215894"]
[Date "2013.9.10"]
[Round "-"]
[White "gladstone"]
[Black "jeancarlo1910"]
[Result "0-1"]
[WhiteElo "1745"]
[BlackElo "2017"]

1. d4 c5 2. dxc5 Nc6 3. Nc3 e5 4. Ne4 Nf6 5. Nd6+ Bxd6 6. cxd6 Nd4 7. c3 Ne6 8.
Nf3 e4 9. Nd4 O-O 10. g3 h6 11. Bg2 Qb6 12. Nf5 Ng4 0-1